00334nam a22001217a 450000500170000000800410001702000150005802000180007305000210009110000180011224500300013026000520016020260424152020.0260424b |||||||| |||| 00| 0 eng d a0316906468 a9780316906463 aPR6052b.A72 BAR aBarrett Maria aDeceivedcMarrett Barrett aLondonbLittle, Brown and Company Limitedc1994